Đại cương quản trị môi trường
Sách giới thiệu về một cách tiếp cận mới đối với vấn đề quản trị môi trường, gồm rất nhiều trích dẫn lập luận nhằm phục vụ tham khảo của các nhà nghiên cứu, giảng dạy và sinh viên về môi trường....
Guardat en:
| Autor principal: | |
|---|---|
| Format: | Llibre |
| Idioma: | Undetermined |
| Publicat: |
Thành phố Hồ Chí Minh
Đại học Quốc gia Thành phố Hồ Chí Minh
2003
|
| Matèries: | |
| Etiquetes: |
Afegir etiqueta
Sense etiquetes, Sigues el primer a etiquetar aquest registre!
|
| Thư viện lưu trữ: | Trung tâm Học liệu Trường Đại học Cần Thơ |
|---|
| LEADER | 00969nam a2200205Ia 4500 | ||
|---|---|---|---|
| 001 | CTU_60747 | ||
| 008 | 210402s9999 xx 000 0 und d | ||
| 020 | |b 55000 | ||
| 082 | |a 363.7 | ||
| 082 | |b B100 | ||
| 100 | |a Lê, Huy Bá | ||
| 245 | 0 | |a Đại cương quản trị môi trường | |
| 245 | 0 | |c Lê Huy Bá ...[et al.] | |
| 260 | |a Thành phố Hồ Chí Minh | ||
| 260 | |b Đại học Quốc gia Thành phố Hồ Chí Minh | ||
| 260 | |c 2003 | ||
| 520 | |a Sách giới thiệu về một cách tiếp cận mới đối với vấn đề quản trị môi trường, gồm rất nhiều trích dẫn lập luận nhằm phục vụ tham khảo của các nhà nghiên cứu, giảng dạy và sinh viên về môi trường. | ||
| 650 | |a Environmental management,Environmental protection | ||
| 904 | |i Minh, Năm | ||
| 980 | |a Trung tâm Học liệu Trường Đại học Cần Thơ | ||